| 000 | 00510cab a22001695a 4500 | ||
|---|---|---|---|
| 001 | L158650 | ||
| 008 | 150526e2015 xxk 000 0 eng d | ||
| 035 | _a(Sirsi) u158650 | ||
| 041 | 0 | _aeng | |
| 100 | 1 | _aHumes, Nicholas | |
| 245 | 0 | 0 | _aEasy wins for regulation |
| 490 |
_aRICS Building Control _vJune/July 2015, 16-17 (2) |
||
| 520 | _aAn exploration of how BIM can free building control staff from performing basic checking tasks. | ||
| 650 | 2 | 4 | _aCONSTRUCTION |
| 651 | 4 |
_aUnited Kingdom _y |
|
| 942 | _n0 | ||
| 999 |
_c84646 _d84646 |
||